Loading...
| History - World | 0 | 4 | 1 | 0 | 35 | 74 | 92.75 | 0 | 0 | 10.15 | 23.00 |
| History - American | 0 | 3 | 0 | 2 | 30 | 102 | 110.67 | 0 | 0 | 2.57 | 9.33 |
| Science - Biology | 0 | 2 | 0 | 0 | 20 | 77 | 92.50 | 0 | 0 | 5.94 | 8.50 |
| Social Science | 0 | 2 | 0 | 0 | 20 | 87 | 99.00 | 0 | 1 | 4.69 | 10.98 |
| History - Other | 0 | 2 | 1 | 2 | 15 | 100 | 113.00 | 0 | 0 | 2.00 | 6.11 |
| Fine Arts - Other | 0 | 1 | 0 | 0 | 10 | 102 | 102.00 | 0 | 1 | 2.09 | 9.00 |
| Geography/Current Events | 0 | 2 | 2 | 0 | 10 | 72 | 84.50 | 0 | 1 | 13.98 | 40.00 |
| Science - Physics | 0 | 1 | 0 | 0 | 10 | 84 | 84.00 | 0 | 0 | 3.68 | 2.50 |
| Science - Other | 0 | 1 | 1 | 0 | 5 | 11 | 11.00 | 1 | 1 | 9.11 | 10.00 |
| Philosophy | 0 | 1 | 1 | 0 | 5 | 75 | 75.00 | 0 | 1 | 4.05 | 6.25 |
| History - European | 0 | 1 | 2 | 0 | 0 | 120 | 120.00 | 0 | 0 | 0.84 | 5.00 |
| Mythology | 0 | 0 | 1 | 0 | -5 | 0.00 | 0 | 0 | 0.00 | 0.00 |